Language Quiz

Random Language Quiz
Score 0/30 Timer 10:00
0 Plays Today
Hint Answer % Correct
Mascille
100%
Femilla
99.1%
Neutillud
99.1%
Mascillum
84.5%
Femillam
83.6%
Neutillud
81.8%
Femillius
78.2%
Mascillius
78.2%
Neutillius
78.2%
Mascilli
75.5%
Femilli
75.5%
Neutilli
75.5%
Mascillo
75.5%
Femilla
75.5%
Neutillo
75.5%
Hint Answer % Correct
Mascilli
74.5%
Neutilla
74.5%
Mascillorum
74.5%
Femillarum
74.5%
Neutillorum
74.5%
Femillae
73.6%
Neutilla
73.6%
Mascillis
73.6%
Femillis
73.6%
Neutillis
73.6%
Mascillis
73.6%
Femillis
73.6%
Neutillis
73.6%
Femillas
72.7%
Mascillos
71.8%
Come Together.
Have Fun.
All Virtual.
We all need to come together. Play Sporcle's virtual live trivia to have fun, connect with people, and get your trivia on. Join a live hosted trivia game for your favorite pub trivia experience done virtually. If a virtual private party is more your thing, go here for details.

You're not logged in!

Compare scores with friends on all Sporcle quizzes.
OR
Log In

Sporcle TV

Today on Sporcle TV


Watch our educational content, quiz creation guides, and fun videos on Sporcle TV.

Show Comments

Extras

Created Jan 13, 2016ReportNominate

Top Quizzes Today


Score Distribution

Paid Content

Your Account Isn't Verified!

In order to create a playlist on Sporcle, you need to verify the email address you used during registration. Go to your Sporcle Settings to finish the process.

Report this User

Report this user for behavior that violates our Community Guidelines.

Details: